[Event "AGAH IIIIIIIIII"]
[Site "SchemingMind.com"]
[Date "2022.01.20"]
[Round "-"]
[White "demitri"]
[Black "Chessibelle"]
[Result "1-0"]
[WhiteCountry "USA"]
[BlackCountry "ENG"]
[WhiteElo "1845"]
[WhiteRD "89"]
[BlackElo "1030"]
[BlackRD "65"]
[GameID "719863"]

1. a3 e5 2. d4 Bd6 3. c4 c5 4. d5 a6 5. Nc3 Nf6 6. Bg5 Be7 7. d6 Bf8 8. Nd5 Bxd6 9. Nxf6+ gxf6 10. Qxd6 Rg8
11. Bxf6 Qa5+ 12. b4 Nc6 13. bxa5
1-0

[Event "AGAH IIIIIIIIII"]
[Site "SchemingMind.com"]
[Date "2022.01.20"]
[Round "-"]
[White "Chessibelle"]
[Black "demitri"]
[Result "0-1"]
[WhiteCountry "ENG"]
[BlackCountry "USA"]
[WhiteElo "1071"]
[WhiteRD "63"]
[BlackElo "1768"]
[BlackRD "87"]
[GameID "719864"]

1. a3 d5 2. d4 Nf6 3. Nf3 c5 4. g3 Nc6 5. e3 Bg4 6. Be2 e6 7. Nc3 Rc8 8. O-O Be7 9. Na2 O-O 10. Nc3 Bh3
11. Re1 Ne4 12. Bd3 Bf6 13. Ne2 cxd4 14. exd4 Qb6 15. c3 Ne7 16. Nf4 Bg4 17. Be2 Ng6 18. b4 Nxc3 19. Qd2 Ne4 20. Qe3 Rc3
21. Nd3 Bxf3 22. Bxf3 Bxd4 23. Qe2 Rxd3 24. Bxe4 dxe4 25. Kg2 Bxa1 26. Qxe4 Rfd8 27. Bg5 R8d4 28. Qe2 Rxa3 29. Qc2 Bc3 30. Qe2 Bxe1
31. Qc2 Rc3 32. Qe2 Qc6+ 33. Kh3 h6 34. Be3 Rh4+ 35. gxh4 Nf4+
0-1

[Event "AGAH IIIIIIIIII"]
[Site "SchemingMind.com"]
[Date "2022.03.04"]
[Round "-"]
[White "Daniel Dubé"]
[Black "Drag0nBall"]
[Result "0-1"]
[WhiteCountry "CAN"]
[BlackCountry "NCA"]
[WhiteElo "1664"]
[WhiteRD "56"]
[BlackElo "1923"]
[BlackRD "188"]
[GameID "721302"]

1. a3 e5 2. e3 d5 3. d4 exd4 4. exd4 Nf6 5. Bf4 Bd6 6. Bxd6 Qxd6 7. Bd3 O-O 8. Ne2 Re8 9. O-O Nc6 10. c3 Bg4
11. f3 Bh5 12. Ng3 Bg6 13. Nf5 Qe6 14. g4 Nh5 15. Qd2 Na5 16. a4 Nb3 17. Qg5 h6 18. Nxh6+ gxh6 19. Qxh6 Bxd3 20. Qxh5 Bxf1
21. Ra3 Qe3+ 22. Kxf1 Qxf3+
0-1

[Event "AGAH IIIIIIIIII"]
[Site "SchemingMind.com"]
[Date "2022.03.08"]
[Round "-"]
[White "Drag0nBall"]
[Black "Daniel Dubé"]
[Result "1-0"]
[WhiteCountry "NCA"]
[BlackCountry "CAN"]
[WhiteElo "2159"]
[WhiteRD "157"]
[BlackElo "1637"]
[BlackRD "54"]
[GameID "721303"]

1. a3 e5 2. c4 d5 3. cxd5 Qxd5 4. Nc3 Qd6 5. e3 c5 6. Nf3 Nc6 7. d4 exd4 8. exd4 Bg4 9. d5 Ne5 10. Bb5+ Kd8
11. Be2 Nf6 12. O-O Nxf3+ 13. Bxf3 Bxf3 14. Qxf3 a6 15. Bg5 Be7 16. Bf4 Qd7 17. d6 Bxd6 18. Bxd6 Qc6 19. Qxc6 bxc6 20. Bxc5 Kc7
21. Rfe1 Rhe8 22. Kf1 Nd7 23. Bd4 f6 24. Rxe8
1-0

[Event "AGAH IIIIIIIIII"]
[Site "SchemingMind.com"]
[Date "2022.03.14"]
[Round "-"]
[White "JAHI"]
[Black "Robert Bruce"]
[Result "0-1"]
[WhiteCountry "INT"]
[BlackCountry "SCO"]
[WhiteElo "2127"]
[WhiteRD "66"]
[BlackElo "2366"]
[BlackRD "73"]
[GameID "721609"]

1. a3 g6 2. h3 Bg7 3. h4 Nf6 4. g3 d5 5. Bg2 e5 6. Kf1 Na6 7. d3 O-O 8. h5 Nxh5 9. Rxh5 gxh5 10. Nc3 c6
11. Nf3 Bg4 12. Bg5 f6 13. Bh4 Qc7 14. Qd2 f5 15. Re1 f4 16. gxf4 exf4 17. Kg1 Rae8 18. d4 Qd6 19. Kh2 Nc7 20. Rh1 Ne6
21. Kg1 Bxf3 22. Bxf3 Nxd4 23. Kf1 Qe5 24. Qd3 Qf5 25. a4 Qxd3 26. cxd3 Nxf3 27. exf3 Rf5 28. a5 Kf7 29. Kg2 Rfe5 30. Rf1 Kg6
31. a6 b5 32. Na2 Re1 33. Rxe1 Rxe1 34. Nb4 Re6 35. d4 Bxd4 36. Bd8 Kf5 37. Bc7 Rg6+ 38. Kf1 h4 39. Nd3 Bxb2 40. Nxf4 b4
41. Ng2 Rxg2 42. Kxg2 Be5 43. Bd8 Bf6 44. Bxf6 Kxf6 45. Kh3 b3 46. Kxh4 b2 47. Kg3 b1=Q 48. f4 Kf5 49. Kh2 Kxf4 50. Kg2 Qe1
51. f3 d4 52. Kh2 Kxf3 53. Kh3 Qh1#
0-1

[Event "AGAH IIIIIIIIII"]
[Site "SchemingMind.com"]
[Date "2022.03.15"]
[Round "-"]
[White "Robert Bruce"]
[Black "JAHI"]
[Result "1-0"]
[WhiteCountry "SCO"]
[BlackCountry "INT"]
[WhiteElo "2366"]
[WhiteRD "73"]
[BlackElo "2127"]
[BlackRD "66"]
[GameID "721610"]

1. a3 f6 2. e4 e6 3. d4 f5 4. exf5 exf5 5. Nf3 Nf6 6. Bd3 g6 7. O-O Bg7 8. Re1+ Kf8 9. Nc3 d6 10. Qe2 d5
11. Bf4 c6 12. Ng5 Qd7 13. Qd2 Qd8 14. Qe2 Qd7 15. Na4 b6 16. c4 h6 17. Nf3 g5 18. Ne5 Qe8 19. Bg3 Ne4 20. cxd5 cxd5
21. Rac1 Bd7 22. Qf3 f4 23. Bxf4 gxf4 24. Bxe4 dxe4 25. Rxe4 Kg8 26. Nxd7 Qxd7 27. Rxf4 Nc6 28. Rxc6 Re8 29. Qb3+ Kh7 30. Qd3+ Kg8
31. Qc4+ Kh7 32. Qc2+ Kg8 33. g3 Rh7 34. Qc4+ Kh8 35. Nc3 h5 36. Rc7 Qd8 37. Ne4 Rh6 38. d5 b5 39. Qc5 Be5 40. d6 Bxf4
41. gxf4 Rxe4 42. Rc8 Rg6+ 43. Kf1 Re8 44. Rxd8 Rxd8 45. d7 Rgg8 46. Qe7 a6 47. f5 h4 48. h3 a5 49. a4 bxa4 50. f6 a3
51. bxa3 Rdf8 52. f7 Rxf7 53. Qxf7 Ra8 54. f4 a4 55. Qe8+ Rxe8 56. dxe8=Q+ Kg7 57. Qe6 Kh7 58. Qf6 Kg8 59. Qe7 Kh8 60. f5 Kg8
61. f6 Kh8 62. Qg7#
1-0

[Event "AGAH IIIIIIIIII"]
[Site "SchemingMind.com"]
[Date "2022.03.21"]
[Round "-"]
[White "krzysztof"]
[Black "ray winteringham"]
[Result "1-0"]
[WhiteCountry "POL"]
[BlackCountry "ENG"]
[WhiteElo "1513"]
[WhiteRD "80"]
[BlackElo "1379"]
[BlackRD "49"]
[GameID "721854"]

1. a3 c5 2. d3 d5 3. c3 Nf6 4. Bf4 Nc6 5. e3 e6 6. g3 h6 7. Bg2 Bd6 8. Nf3 e5 9. Bxe5 Nxe5 10. d4 Nh7
11. Nxe5 Bxe5 12. dxe5 Be6 13. Nd2 O-O 14. Nf3 Rb8 15. O-O Qb6 16. b4 c4 17. Nd4 Bd7 18. Bxd5 Bh3 19. Re1 Rbd8 20. Bxc4 Ng5
21. Bf1 Qg6 22. Bxh3 Nxh3+ 23. Kg2 Ng5 24. f4 Ne4 25. Qf3 b6 26. f5 Nd2 27. fxg6 Nxf3 28. gxf7+ Rxf7 29. Nxf3 Rdf8 30. Rf1 Rd7
31. Rad1 Re7 32. Rd6
1-0

[Event "AGAH IIIIIIIIII"]
[Site "SchemingMind.com"]
[Date "2022.03.21"]
[Round "-"]
[White "ray winteringham"]
[Black "krzysztof"]
[Result "0-1"]
[WhiteCountry "ENG"]
[BlackCountry "POL"]
[WhiteElo "1379"]
[WhiteRD "49"]
[BlackElo "1513"]
[BlackRD "80"]
[GameID "721855"]

1. a3 e6 2. d4 d6 3. e4 a6 4. Bd3 Nc6 5. Nf3 Nf6 6. Bg5 h6 7. Be3 Ng4 8. Bf4 g5 9. Bg3 e5 10. d5 Nd4
11. c3 Nxf3+ 12. Qxf3 Bg7 13. h3 Nf6 14. O-O Bd7 15. Nd2 Bb5 16. c4 Bd7 17. a4 g4 18. hxg4 Bxg4 19. Qe3 Nh5 20. b4 Bf6
21. Kh2 Bg5 22. Qe1 Nf4 23. Bc2 h5 24. f3 Bd7 25. Rh1 Qf6 26. Kg1 h4 27. Kf1 hxg3 28. Qxg3 Rxh1+ 29. Kf2 Rxa1 30. Nb3 Bh4
0-1

[Event "AGAH IIIIIIIIII"]
[Site "SchemingMind.com"]
[Date "2022.05.03"]
[Round "-"]
[White "Drag0nBall"]
[Black "frankly"]
[Result "1/2-1/2"]
[WhiteCountry "NCA"]
[BlackCountry "ENG"]
[WhiteElo "2312"]
[WhiteRD "118"]
[BlackElo "2541"]
[BlackRD "78"]
[GameID "723240"]

1. a3 c5 2. c3 e6 3. d4 Nf6 4. Nf3 d5 5. Bf4 Bd6 6. Bg3 Bxg3 7. hxg3 Nbd7 8. Nbd2 O-O 9. e3 h6 10. Ne5 Qb6
11. Rb1 Nxe5 12. dxe5 Nd7 13. Qh5 f6 14. exf6 Nxf6 15. Qg6 Bd7 16. Rxh6 Be8 17. Qg5 Nh7 18. Qg4 Nf6 19. Qg5 Nh7 20. Qg4 Nf6
21. Qg5 c4 22. Rh4 Nh7 23. Qg4 Nf6 24. Qg5 Nh7 25. Qg4 Nf6 26. Qg5 Nh7 27. Qg4 Nf6 28. Qg5=
1/2-1/2

[Event "AGAH IIIIIIIIII"]
[Site "SchemingMind.com"]
[Date "2022.05.04"]
[Round "-"]
[White "frankly"]
[Black "Drag0nBall"]
[Result "1/2-1/2"]
[WhiteCountry "ENG"]
[BlackCountry "NCA"]
[WhiteElo "2565"]
[WhiteRD "86"]
[BlackElo "2219"]
[BlackRD "158"]
[GameID "723241"]

1. a3 c5 2. Nf3 Nf6 3. c3 d5 4. d4 e6 5. Bf4 Bd6 6. Bg3 Bxg3 7. hxg3 Nbd7 8. Nbd2 O-O 9. e3 Qc7 10. c4 b6
11. Rc1 Bb7 12. cxd5 exd5 13. Bb5 Bc6 14. Bxc6 Qxc6 15. Ne5 Nxe5 16. dxe5 Ne4 17. Qc2 f5 18. Nxe4 fxe4=
1/2-1/2

[Event "AGAH IIIIIIIIII"]
[Site "SchemingMind.com"]
[Date "2022.06.08"]
[Round "-"]
[White "WarriorAngel"]
[Black "Aba"]
[Result "1-0"]
[WhiteCountry "SGP"]
[BlackCountry "ISR"]
[WhiteElo "1941"]
[WhiteRD "94"]
[BlackElo "1721"]
[BlackRD "74"]
[GameID "724254"]

1. a3 d5 2. d3 Nf6 3. e3 e5 4. Nc3 Nc6 5. Bd2 a6 6. Nge2 Be6 7. g3 Bc5 8. Bg2 Qd7 9. O-O O-O-O 10. b4 Bb6
11. Na4 h6 12. Nc5 Bxc5 13. bxc5 g5 14. Qc1 e4 15. Rb1 Ne5 16. Bc3 Nf3+ 17. Kh1 d4 18. Nxd4 Bd5 19. Qb2 Qe7 20. c6 b6
21. Nf5
1-0

[Event "AGAH IIIIIIIIII"]
[Site "SchemingMind.com"]
[Date "2022.06.08"]
[Round "-"]
[White "Aba"]
[Black "WarriorAngel"]
[Result "0-1"]
[WhiteCountry "ISR"]
[BlackCountry "SGP"]
[WhiteElo "1721"]
[WhiteRD "74"]
[BlackElo "1941"]
[BlackRD "94"]
[GameID "724255"]

1. a3 d5 2. Nf3 Bf5 3. d4 e6 4. e3 h6 5. Nc3 Nf6 6. h3 Bd6 7. Bd3 Ne4 8. Nb5 Be7 9. Nd2 c6 10. Nc3 Nxc3
11. bxc3 Bf6 12. Bxf5 exf5 13. c4 O-O 14. c5 Na6 15. c3 Nc7 16. c4 Ne6 17. Nf3 Nxc5 18. Rb1 Ne4 19. Rxb7 Qa5+ 20. Kf1 Rab8
21. Rb3 Qa4 22. Rd3 Qxc4 23. Kg1 Rb1
0-1

[Event "AGAH IIIIIIIIII"]
[Site "SchemingMind.com"]
[Date "2022.07.01"]
[Round "-"]
[White "Kenny Elliott"]
[Black "Greg Magne"]
[Result "0-1"]
[WhiteCountry "USA"]
[BlackCountry "CAN"]
[WhiteElo "1532"]
[WhiteRD "70"]
[BlackElo "1787"]
[BlackRD "82"]
[GameID "724888"]

1. a3 f5 2. f4 Nf6 3. Nf3 Nc6 4. Nc3 d6 5. e3 e5 6. Bb5 e4 7. Nd4 Bd7 8. Nxc6 Bxc6 9. Bxc6+ bxc6 10. d3 d5
11. dxe4 fxe4 12. O-O Bc5 13. b4 Bb6 14. a4 a5 15. Ba3 axb4 16. Bxb4 c5 17. Ba3 O-O 18. Bb2 d4 19. exd4 cxd4 20. Nb5 c5
21. Kh1 Qd7 22. c4 e3 23. Qd3 Ng4 24. Kg1 Nf2 25. Qb3 Ba5 26. Rad1 Nxd1 27. Qxd1 Rf6 28. Qf3 Raf8 29. g3 Re8 30. Re1 g5
31. Qh5 Bxe1 32. Qxg5+ Rg6 33. Qh5 e2 34. Qxc5 Bxg3
0-1

[Event "AGAH IIIIIIIIII"]
[Site "SchemingMind.com"]
[Date "2022.07.01"]
[Round "-"]
[White "Greg Magne"]
[Black "Kenny Elliott"]
[Result "1-0"]
[WhiteCountry "CAN"]
[BlackCountry "USA"]
[WhiteElo "1787"]
[WhiteRD "82"]
[BlackElo "1532"]
[BlackRD "70"]
[GameID "724889"]

1. a3 f5 2. c4 e5 3. Nc3 Nf6 4. e3 Bc5 5. d4 exd4 6. exd4 Be7 7. Bd3 O-O 8. Bxf5 d5 9. Bxc8 Qxc8 10. cxd5 Qf5
11. Qf3 Qxf3 12. Nxf3 c6 13. dxc6 Nxc6 14. Be3 Rad8 15. O-O-O Rfe8 16. Rhe1 Na5 17. d5 b6 18. Bf4 Bd6 19. Bxd6 Rxe1 20. Rxe1 Rxd6
21. Re7 Nxd5 22. Nxd5 Rxd5 23. Rxa7 Rc5+ 24. Kd1 Rd5+ 25. Ke2 Rb5 26. b4 Nc6 27. Rc7 Ne5 28. Ng5 Kf8 29. Ne6+ Ke8 30. Nxg7+ Kd8
31. Ne6+ Ke8 32. Rxh7 Nc4 33. Nc7+
1-0

[Event "AGAH IIIIIIIIII"]
[Site "SchemingMind.com"]
[Date "2022.07.26"]
[Round "-"]
[White "spoke"]
[Black "Derek Price"]
[Result "0-1"]
[WhiteCountry "GER"]
[BlackCountry "ENG"]
[WhiteElo "1814"]
[WhiteRD "86"]
[BlackElo "2376"]
[BlackRD "74"]
[GameID "725457"]

1. a3 g6 2. d4 Bg7 3. e4 d6 4. Nc3 Nf6 5. Bc4 O-O 6. Nge2 Nbd7 7. O-O a6 8. Bg5 b5 9. Ba2 Bb7 10. f4 Nxe4
11. Nxe4 Bxe4 12. Nc3 Bb7 13. Qe2 Bxd4+ 14. Kh1 Bf6 15. Bh6 Bg7 16. Bg5 Nf6 17. Rad1 e6 18. Rd3 Qd7 19. Re3 Rfe8 20. Re1 Kf8
21. b4 c5 22. bxc5 dxc5 23. Bxf6 Bxf6 24. Ne4 Bxe4 25. Rxe4 c4 26. Rd1 Qc7
0-1

[Event "AGAH IIIIIIIIII"]
[Site "SchemingMind.com"]
[Date "2022.07.28"]
[Round "-"]
[White "Phillip Beckett"]
[Black "Robert Bruce"]
[Result "0-1"]
[WhiteCountry "ENG"]
[BlackCountry "SCO"]
[WhiteElo "1490"]
[WhiteRD "55"]
[BlackElo "2336"]
[BlackRD "70"]
[GameID "725563"]

1. a3 d5 2. d4 c6 3. e3 Nf6 4. Bd3 Nbd7 5. Nd2 e5 6. dxe5 Nxe5 7. Be2 Bf5 8. Ngf3 Nxf3+ 9. Nxf3 Bd6 10. O-O O-O
11. c4 dxc4 12. Bxc4 Be4 13. b4 Ng4 14. h3 Bxf3 15. Qxf3 Nh2 16. Qe2 Nxf1 17. Qxf1 a5 18. Bb2 axb4 19. Rd1 bxa3 20. Ba1 Qe7
21. Qd3 Be5 22. Bxe5 Qxe5 23. Ba2 Qf6 24. Qb3 Qb2
0-1

[Event "AGAH IIIIIIIIII"]
[Site "SchemingMind.com"]
[Date "2022.07.28"]
[Round "-"]
[White "Robert Bruce"]
[Black "Phillip Beckett"]
[Result "1-0"]
[WhiteCountry "SCO"]
[BlackCountry "ENG"]
[WhiteElo "2336"]
[WhiteRD "70"]
[BlackElo "1490"]
[BlackRD "55"]
[GameID "725564"]

1. a3 e5 2. Nf3 Nc6 3. d4 exd4 4. c4 dxc3 5. Nxc3 Nf6 6. e4 d6 7. Qc2 Be7 8. Be2 O-O 9. Bf4 h6 10. O-O Nh5
11. Be3 Bg4 12. h3 Bd7 13. Nh2 Nf6 14. Rad1 Qc8 15. f4 Nh7 16. b4 a5 17. b5 Na7 18. a4 c6 19. b6 Nb5 20. axb5 cxb5
21. Qd3 b4 22. Nd5 Bf6 23. Bg4 Bxg4 24. Nxg4 Bc3 25. Ne7+
1-0

[Event "AGAH IIIIIIIIII"]
[Site "SchemingMind.com"]
[Date "2022.08.26"]
[Round "-"]
[White "WarriorAngel"]
[Black "Derek Price"]
[Result "0-1"]
[WhiteCountry "SGP"]
[BlackCountry "ENG"]
[WhiteElo "1866"]
[WhiteRD "91"]
[BlackElo "2377"]
[BlackRD "72"]
[GameID "726193"]

1. a3 Nf6 2. d4 e6 3. c4 c5 4. d5 exd5 5. cxd5 d6 6. e4 g6 7. Nc3 Bg7 8. h3 O-O 9. Nf3 Re8 10. Bd3 Nxe4
11. Nxe4 f5 12. Nd2 fxe4 13. Nxe4 Bf5 14. Qc2 Nd7 15. O-O c4 16. Qxc4 Ne5
0-1

[Event "AGAH IIIIIIIIII"]
[Site "SchemingMind.com"]
[Date "2022.08.27"]
[Round "-"]
[White "Derek Price"]
[Black "WarriorAngel"]
[Result "1-0"]
[WhiteCountry "ENG"]
[BlackCountry "SGP"]
[WhiteElo "2362"]
[WhiteRD "68"]
[BlackElo "1826"]
[BlackRD "100"]
[GameID "726194"]

1. a3 d5 2. Nf3 Nf6 3. d4 Bf5 4. e3 e6 5. c4 c5 6. cxd5 exd5 7. Nc3 Nc6 8. dxc5 Bxc5 9. b4 Be7 10. Bb2 O-O
11. Be2 Qd6 12. O-O Rfd8 13. Nb5 Qb8 14. Nbd4 Be4 15. Rc1 Nxd4 16. Bxd4 Ng4 17. h3 Bxf3 18. hxg4 Bxe2 19. Qxe2 b6 20. Qb2 Bf8
21. Rc6 Qb7 22. Rfc1 Rac8 23. b5 Qd7 24. g5 Qf5 25. a4 Qd7 26. Qa2 Rxc6 27. bxc6
1-0

[Event "AGAH IIIIIIIIII"]
[Site "SchemingMind.com"]
[Date "2022.09.19"]
[Round "-"]
[White "Steven DuCharme"]
[Black "Brerrabbit"]
[Result "1-0"]
[WhiteCountry "USA"]
[BlackCountry "SCO"]
[WhiteElo "1524"]
[WhiteRD "67"]
[BlackElo "1175"]
[BlackRD "76"]
[GameID "726804"]

1. a3 e5 2. b4 d6 3. Bb2 g6 4. g3 Nc6 5. Bg2 d5 6. b5 Na5 7. Bxe5 Nf6 8. d4 Bg7 9. Nc3 Bf5 10. Nh3 O-O
11. Nf4 Nc4 12. O-O Nxe5 13. dxe5 Ng4 14. Nfxd5 Qg5 15. h4 Qd8 16. e4 Be6 17. f3 Bxd5 18. fxg4 Bc4 19. Rf3 Bxe5 20. Qe1 Bd4+
21. Kh2 f5 22. gxf5 Qf6 23. fxg6 Qxg6 24. Rxf8+ Rxf8 25. Nd5 Bxa1 26. Ne7+
1-0

[Event "AGAH IIIIIIIIII"]
[Site "SchemingMind.com"]
[Date "2022.09.18"]
[Round "-"]
[White "Brerrabbit"]
[Black "Steven DuCharme"]
[Result "0-1"]
[WhiteCountry "SCO"]
[BlackCountry "USA"]
[WhiteElo "1196"]
[WhiteRD "76"]
[BlackElo "1528"]
[BlackRD "64"]
[GameID "726805"]

1. a3 h6 2. e4 c5 3. c4 g6 4. Bd3 Bg7 5. Nf3 Nc6 6. O-O e5 7. b3 Nge7 8. Nc3 d6 9. Be2 Nd4 10. d3 Nxe2+
11. Qxe2 Bg4 12. Nb5 a6 13. Nc3 Nc6 14. Rb1 Nd4 15. Nxd4 Bxe2 16. Re1 Bxd3 17. Rb2 cxd4 18. Nd5 O-O 19. Rd1 Bxe4 20. Re2 Bxd5
21. cxd5 Rc8 22. f4 Rc5 23. fxe5 Rxd5 24. e6 fxe6 25. Rxe6 Rf6 26. Re2 Rff5 27. Rdd2 Rde5 28. Rxe5 Rxe5 29. Rd1 Qb6
0-1

[Event "AGAH IIIIIIIIII"]
[Site "SchemingMind.com"]
[Date "2022.10.08"]
[Round "-"]
[White "Robert Bruce"]
[Black "kenneth m day"]
[Result "1-0"]
[WhiteCountry "SCO"]
[BlackCountry "USA"]
[WhiteElo "2372"]
[WhiteRD "70"]
[BlackElo "1663"]
[BlackRD "58"]
[GameID "727348"]

1. a3 Nf6 2. Nf3 d6 3. c4 Nc6 4. d4 e5 5. c5 dxc5 6. Nxe5 Nxe5 7. dxe5 Qxd1+ 8. Kxd1 Nd5 9. e4 Nb6 10. Be3 Be6
11. Kc2 O-O-O 12. Nd2 Be7 13. g3 Rhe8 14. f4 Nd7 15. f5 Nxe5 16. fxe6 fxe6 17. Be2 Rf8 18. Rhf1 Rxf1 19. Rxf1 b6 20. Nf3 Ng4
21. Bc1 Bf6 22. Bf4 e5 23. Bc1 Kb7 24. h3 Nh6 25. Bc4
1-0

[Event "AGAH IIIIIIIIII"]
[Site "SchemingMind.com"]
[Date "2022.10.08"]
[Round "-"]
[White "kenneth m day"]
[Black "Robert Bruce"]
[Result "0-1"]
[WhiteCountry "USA"]
[BlackCountry "SCO"]
[WhiteElo "1620"]
[WhiteRD "62"]
[BlackElo "2350"]
[BlackRD "75"]
[GameID "727349"]

1. a3 e5 2. e4 Nf6 3. Nc3 d5 4. exd5 Nxd5 5. Nf3 Nxc3 6. dxc3 Qxd1+ 7. Kxd1 f6 8. Bd3 Be6 9. Be3 Nd7 10. Re1 g5
11. Ke2 Kf7 12. Kf1 Bc5 13. Be4 Bxe3 14. Rxe3 Rad8 15. Rd1 g4 16. Nh4 Rc8 17. Nf5 Nc5 18. Ng3 Nxe4 19. Rxe4 h5 20. f3 h4
21. Ne2 Bf5 22. Rb4 b6 23. Rd2 Rhd8 24. Rxd8 Rxd8 25. Rc4 Rd1+ 26. Kf2 c5 27. fxg4 Bxc2 28. Ng1 Rd2+ 29. Kf3 Bd1+ 30. Ke3 Rxg2
31. Nf3 Ke6 32. Nxh4 Re2+ 33. Kd3 Rxh2
0-1

[Event "AGAH IIIIIIIIII"]
[Site "SchemingMind.com"]
[Date "2022.10.26"]
[Round "-"]
[White "Thomas Jacob Kelly"]
[Black "Clive Everill"]
[Result "1-0"]
[WhiteCountry "USA"]
[BlackCountry "CZE"]
[WhiteElo "1848"]
[WhiteRD "94"]
[BlackElo "1715"]
[BlackRD "59"]
[GameID "727791"]

1. a3 e5 2. c4 f5 3. Nc3 Nf6 4. d3 Bc5 5. b4 Bd4 6. Qb3 c6 7. Ra2 d5 8. c5 Be6 9. Nd1 e4 10. Bg5 O-O
11. e3 Be5 12. f4 Bc7 13. dxe4 fxe4 14. h3 h6 15. Bh4 Qe8 16. g4 d4 17. Bc4 Bxc4 18. Qxc4+ Nd5 19. Qxd4 Nd7 20. Ne2 b6
21. O-O bxc5 22. bxc5 Rb8 23. Be1 Rb3 24. Nc1 Rb5 25. Bb4 a5 26. Nc3 Nxc3 27. Bxc3 Nxc5 28. Qxg7#
1-0

[Event "AGAH IIIIIIIIII"]
[Site "SchemingMind.com"]
[Date "2022.10.26"]
[Round "-"]
[White "Clive Everill"]
[Black "Thomas Jacob Kelly"]
[Result "0-1"]
[WhiteCountry "CZE"]
[BlackCountry "USA"]
[WhiteElo "1715"]
[WhiteRD "59"]
[BlackElo "1848"]
[BlackRD "94"]
[GameID "727792"]

1. a3 e5 2. e3 Nc6 3. Bb5 e4 4. d4 a6 5. Bc4 d5 6. Ba2 Nf6 7. c4 Ne7 8. h3 c6 9. b3 Ng6 10. Ne2 Nh4
11. Nf4 g5 12. Nh5 g4 13. Nxf6+ Qxf6 14. hxg4 Nxg2+ 15. Kf1 Rg8 16. Nd2 Nxe3+
0-1

[Event "AGAH IIIIIIIIII"]
[Site "SchemingMind.com"]
[Date "2022.11.03"]
[Round "-"]
[White "MazetaFighter"]
[Black "peeuukoo"]
[Result "1-0"]
[WhiteCountry "GRE"]
[BlackCountry "FIN"]
[WhiteElo "1975"]
[WhiteRD "94"]
[BlackElo "1874"]
[BlackRD "119"]
[GameID "728056"]

1. a3 g6 2. d4 d5 3. Nf3 Bg7 4. Bf4 c6 5. e3 Nf6 6. Bd3 O-O 7. O-O Bg4 8. Nbd2 Nbd7 9. h3 Bxf3 10. Qxf3 Re8
11. c3 Nh5 12. Bh2 e5 13. dxe5 Nxe5 14. Bxe5 Bxe5 15. Qd1 Bc7 16. Qc2 Qd6 17. Nf3 Re6 18. Rfe1 Nf6 19. Rad1 Qf8 20. Ng5 Re7
21. c4 Rc8 22. c5 Qh6 23. Nf3 Ne4 24. b4 Qg7 25. g3 Qf6 26. Kg2 Ng5 27. Nxg5 h6 28. Nf3 Rce8 29. e4
1-0

[Event "AGAH IIIIIIIIII"]
[Site "SchemingMind.com"]
[Date "2022.11.03"]
[Round "-"]
[White "peeuukoo"]
[Black "MazetaFighter"]
[Result "1-0"]
[WhiteCountry "FIN"]
[BlackCountry "GRE"]
[WhiteElo "1874"]
[WhiteRD "119"]
[BlackElo "1975"]
[BlackRD "94"]
[GameID "728057"]

1. a3 e5 2. e4 Nf6 3. d3 d5 4. Bg5 dxe4 5. Bxf6 Qxf6 6. dxe4 Bc5 7. Qf3 Qxf3 8. Nxf3 f6 9. Bc4 Bg4 10. Nbd2 Nd7
11. h3 Bh5 12. Be6 Ke7 13. Bc4 Nb6 14. Be2 Bf7 15. O-O h5 16. b4 Bd6 17. c4 c5 18. b5 g5 19. a4 Be6 20. Nh2 Rag8
21. Rfd1 g4 22. hxg4 hxg4 23. g3 Rh6 24. Kg2 f5 25. a5 Nd7 26. exf5 Bxf5 27. Rh1 Nf6 28. Nhf1 Rxh1 29. Kxh1 Ne4 30. Kg2 Nc3
31. Bd1 Bd3 32. Ne3 Nxd1 33. Rxd1 e4 34. Nf5+
1-0

[Event "AGAH IIIIIIIIII"]
[Site "SchemingMind.com"]
[Date "2022.11.03"]
[Round "-"]
[White "heuschrecke"]
[Black "maro"]
[Result "1-0"]
[WhiteCountry "GER"]
[BlackCountry "MEX"]
[WhiteElo "2471"]
[WhiteRD "172"]
[BlackElo "1465"]
[BlackRD "72"]
[GameID "728084"]

1. a3 e5 2. b4 d5 3. Bb2 d4 4. e3 dxe3 5. fxe3 Qh4+ 6. g3 Qe4 7. Nf3 Bg4 8. Bg2 Nc6 9. O-O O-O-O 10. Nc3 Qc4
11. b5 e4 12. Nxe4 Qxe4 13. bxc6 Qxc6 14. Qb1 Nf6 15. Ne5 Qe6 16. Bd4 b6 17. Qb5 Nd5 18. c4 Be2 19. Rxf7 Bxc4 20. Qxc4 Be7
21. Rxe7 Qxe7 22. Qa6+ Kb8 23. Nc6+
1-0

[Event "AGAH IIIIIIIIII"]
[Site "SchemingMind.com"]
[Date "2022.11.03"]
[Round "-"]
[White "maro"]
[Black "heuschrecke"]
[Result "0-1"]
[WhiteCountry "MEX"]
[BlackCountry "GER"]
[WhiteElo "1465"]
[WhiteRD "72"]
[BlackElo "2471"]
[BlackRD "172"]
[GameID "728085"]

1. a3 g6 2. d4 Bg7 3. Nc3 c5 4. e3 d5 5. e4 dxe4 6. Nxe4 Qxd4 7. Bb5+ Nc6 8. Bxc6+ bxc6 9. Qxd4 cxd4 10. Nf3 e5
11. Bd2 Be6 12. Nd6+ Kd7 13. Nb7 f6 14. Bb4 Kc7 15. Nc5 Bd5 16. c4 Bxc4 17. Rc1 Bd5 18. O-O a5 19. Bd2 Ne7 20. b4 axb4
21. axb4 Nf5 22. b5 cxb5 23. Ne6+ Kd7 24. Nxg7 Nxg7 25. Bb4 Rhc8 26. Rxc8 Rxc8 27. Nd2 Ra8 28. f3 Ra4 29. Bc5 Ne6 30. Ne4 Bxe4
31. fxe4 Nxc5
0-1

[Event "AGAH IIIIIIIIII"]
[Site "SchemingMind.com"]
[Date "2022.11.14"]
[Round "-"]
[White "krzysztof"]
[Black "AussieMossie"]
[Result "0-1"]
[WhiteCountry "POL"]
[BlackCountry "AUS"]
[WhiteElo "1537"]
[WhiteRD "99"]
[BlackElo "2629"]
[BlackRD "93"]
[GameID "728304"]

1. a3 c5 2. c4 Nf6 3. d3 Nc6 4. Bd2 e6 5. Nc3 d5 6. Qa4 d4 7. Na2 Bd7 8. Qc2 Ne5 9. Nf3 Nxf3+ 10. gxf3 Nh5
11. O-O-O Qh4 12. Be1 g6 13. Kb1 Bg7 14. Bg2 Nf4 15. Rg1 Qxh2 16. Bd2 Nxe2 17. Ba5 Nxg1 18. Bf1 Nxf3 19. b4 b6 20. bxc5 bxa5
21. Qb3 Rb8 22. Nb4 axb4 23. Be2 bxa3 24. Qxb8+ Qxb8+ 25. Kc2 Qb2#
0-1

[Event "AGAH IIIIIIIIII"]
[Site "SchemingMind.com"]
[Date "2022.11.13"]
[Round "-"]
[White "AussieMossie"]
[Black "krzysztof"]
[Result "1-0"]
[WhiteCountry "AUS"]
[BlackCountry "POL"]
[WhiteElo "2629"]
[WhiteRD "93"]
[BlackElo "1537"]
[BlackRD "99"]
[GameID "728305"]

1. a3 d5 2. d4 c5 3. dxc5 Nc6 4. b4 a6 5. Nc3 d4 6. Na4 e5 7. Nb6 Ra7 8. e3 a5 9. Nxc8 Qxc8 10. b5 Nb8
11. b6 Ra8 12. exd4 e4 13. Bb5+ Kd8 14. Bf4 Nf6 15. Bc7+ Ke7 16. d5 Qf5 17. d6+ Ke6 18. Ne2 Nc6 19. Bxc6 Qxc5 20. Nd4+ Ke5
21. f4+ Kxf4 22. Rf1+ Ke5 23. Rf5#
1-0

[Event "AGAH IIIIIIIIII"]
[Site "SchemingMind.com"]
[Date "2022.11.14"]
[Round "-"]
[White "Steven DuCharme"]
[Black "Thomas Jacob Kelly"]
[Result "0-1"]
[WhiteCountry "USA"]
[BlackCountry "USA"]
[WhiteElo "1520"]
[WhiteRD "65"]
[BlackElo "1833"]
[BlackRD "94"]
[GameID "728382"]

1. a3 c5 2. h3 e6 3. g3 Qc7 4. Bg2 Ne7 5. c4 d5 6. cxd5 exd5 7. Nc3 Qc6 8. d4 c4 9. e3 Be6 10. Nge2 Nd7
11. Nf4 b5 12. Nxe6 fxe6 13. O-O Nb6 14. f3 Nf5 15. Bd2 Nxg3 16. Rf2 Be7 17. Qe1 Bh4
0-1